| 000 | 00435nam a2200157 i 4500 | ||
|---|---|---|---|
| 001 | 25370 | ||
| 003 | ES-MaACL | ||
| 005 | 20230906153241.0 | ||
| 007 | t| | ||
| 008 | 021226s1968 sp ||||1| spa d | ||
| 100 | 1 |
_aArgelich, Ramón. _922684 |
|
| 245 | 1 | 0 |
_aCorreos _b: (reseña histórica) / _cRamón Argelich. |
| 260 |
_aBarcelona : _bEmeuve, _c[1968] |
||
| 300 |
_a360 p. : _bil. ; _c17 cm. |
||
| 852 |
_aES-MaACL _jC-36867 _bR.65791 |
||
| 999 |
_c25370 _d25370 |
||